000 00147nam a2200061Ia 4500
999 _c10464
_d10464
003 OSt
005 20230408143106.0
008 170523s9999 xx 000 0 und d
040 _cIIMT UNIVERSITY
100 _aNARAYANSWAMY R
245 0 _aFINANCIAL ACCOUNTING
260 _aNEW DELHI
_bPHI
_c2011
300 _a680
942 _2ddc
_c02